000 00387cam a22001217a 4500
008 180718b1993 xxu||||| |||| 00| 0 eng d
082 _aA75 M264MA
100 _aVerma, Rajendra
245 _aMadhya Pradesh district gazetteer: Mandsaur
_cby Rajendra Verma
260 _aBhopal
_bDirectorate of Gazetteers, Department of Culture
_c1993
300 _a504+p.
650 _aMandsaur - Gazetteers
999 _c486520
_d486520